| 000 | 004230000a22001690004500 | ||
|---|---|---|---|
| 020 | _a958-614-673-1 | ||
| 041 | 0 | _aSPA | |
| 082 | 0 | 4 | _aG 863 C3551m |
| 100 | 1 | _aCastro Caycedo, Germán (1940-) | |
| 245 | 1 | 0 | _aLa muerte de Giacomo Turra / Germán Castro Caycedo |
| 250 | _a2 | ||
| 260 | _aBogotá, Colombia : Planeta | ||
| 300 | _a443 Pag | ||
| 440 | 0 | _aBiblioteca Germán Castro Caycedo | |
| 001 | 11027 | ||
| 942 | _cBK | ||
| 999 |
_c40399 _d40399 |
||